[Event "Women's Speed Chess Q2"]
[Site "chess.com INT"]
[Date "2020.06.19"]
[Round "6"]
[White "Khotenashvili, Bela"]
[Black "Tania, Sachdev"]
[Result "1-0"]
[WhiteTitle "GM"]
[BlackTitle "IM"]
[WhiteElo "2458"]
[BlackElo "2392"]
[WhiteFideId "13602640"]
[BlackFideId "5007844"]
[EventDate "2020.06.19"]

1. Nf3 Nf6 2. g3 b6 3. Bg2 Bb7 4. O-O g6 5. b3 Bg7 6. Bb2 O-O 7. d3 d5 8. Nbd2
Nbd7 9. c4 e6 10. Qc2 c5 11. e4 d4 12. a3 a5 13. Rab1 Qc7 14. Bc1 Ng4 15. h3
Nge5 16. Nxe5 Nxe5 17. f4 Nc6 18. e5 Ne7 19. Ne4 Kh8 20. Qe2 Nf5 21. Kh2 Ne7 22.
Bd2 Ng8 23. Kh1 f6 24. exf6 Nxf6 25. Ng5 Rae8 26. b4 axb4 27. axb4 Nh5 28. Kh2
e5 29. Bxb7 Qxb7 30. f5 Qc7 31. fxg6 hxg6 32. Ne4 Qe7 33. bxc5 bxc5 34. Qg4 Qe6
35. Rxf8+ Bxf8 36. Qxe6 Rxe6 37. Rb8 Kg7 38. Bg5 Ra6 39. Rb7+ Kg8 40. Rb2 Bg7
41. Be7 Ra1 42. Bxc5 Rd1 43. Nf2 Bh6 44. Nxd1 1-0

[Event "Women's Speed Chess Q2"]
[Site "chess.com INT"]
[Date "2020.06.19"]
[Round "6"]
[White "Chitlange, Sakshi"]
[Black "Petrova, Irina"]
[Result "1/2-1/2"]
[WhiteTitle "WIM"]
[BlackTitle "WIM"]
[WhiteElo "2167"]
[BlackElo "2087"]
[WhiteFideId "35002899"]
[BlackFideId "14124122"]
[EventDate "2020.06.19"]

1. d4 d5 2. Bf4 Nf6 3. e3 c5 4. Nd2 Nc6 5. Ngf3 Bf5 6. dxc5 e6 7. Nd4 Bxc5 8.
Nxf5 exf5 9. Bd3 Ne4 10. c3 O-O 11. O-O Qf6 12. Nf3 Rad8 13. Qc2 h6 14. h3 g5
15. Bh2 g4 16. hxg4 fxg4 17. Nd4 Rfe8 18. Bf4 Ne5 19. Rad1 Qh4 20. Nf5 Qh5 21.
Nxh6+ Kf8 22. Bxe4 dxe4 23. Rxd8 Rxd8 24. Bxe5 Qxe5 25. Nxg4 Qf5 26. f3 Rd3 27.
fxe4 Qxe4 28. Qf2 Bxe3 29. Nxe3 Qxe3 30. Qxe3 Rxe3 31. Kf2 Rd3 32. Re1 Rd2+ 33.
Re2 Rd1 34. b4 Rc1 35. Re3 Rc2+ 36. Kf3 Rxa2 37. g4 a5 38. bxa5 Rxa5 39. Kf4 Rc5
40. g5 Kg7 41. Re7 Rxc3 42. Rxb7 Rc4+ 43. Kf5 Rc5+ 44. Kg4 Rd5 45. Rb6 Rc5 46.
Ra6 Rb5 47. Rc6 Rd5 48. Rc7 Rb5 49. Kh5 Ra5 50. Rb7 Rc5 51. Kg4 Ra5 52. Rc7 Rb5
53. Rd7 1/2-1/2

[Event "Women's Speed Chess Q2"]
[Site "chess.com INT"]
[Date "2020.06.19"]
[Round "6"]
[White "Gomez Barrera, Javiera Belen"]
[Black "Injac, Teodora"]
[Result "0-1"]
[WhiteTitle "WIM"]
[BlackTitle "WIM"]
[WhiteElo "2083"]
[BlackElo "2286"]
[WhiteFideId "3418723"]
[BlackFideId "932400"]
[EventDate "2020.06.19"]

1. e4 e6 2. d4 d5 3. Nc3 Nf6 4. e5 Nfd7 5. Nce2 c5 6. f4 Nc6 7. Nf3 Be7 8. c3
O-O 9. a3 a5 10. g3 b5 11. Bh3 Nb6 12. O-O Ba6 13. f5 exf5 14. Bxf5 b4 15. axb4
axb4 16. Bf4 Nc4 17. Rb1 Qb6 18. Kh1 h6 19. Qc1 Nd8 20. dxc5 Bxc5 21. Ned4 Na5
22. Re1 Bc8 23. Qc2 b3 24. Qd3 Ne6 25. Nxe6 Bxe6 26. Bxe6 Qxe6 27. Nd4 Qg4 28.
Qf5 Qxf5 29. Nxf5 Nc4 30. Red1 Rfd8 0-1

[Event "Women's Speed Chess Q2"]
[Site "chess.com INT"]
[Date "2020.06.19"]
[Round "6"]
[White "Khalafova, Narmin"]
[Black "Sudakova, Irina"]
[Result "0-1"]
[WhiteTitle "WGM"]
[BlackTitle "WGM"]
[WhiteElo "2279"]
[BlackElo "2288"]
[WhiteFideId "13402625"]
[BlackFideId "4129903"]
[EventDate "2020.06.19"]

1. e4 c5 2. Be2 Nc6 3. f4 e6 4. Nf3 d5 5. d3 Nf6 6. e5 Ng8 7. O-O h5 8. c4 d4 9.
Nbd2 Nh6 10. Ne4 Nf5 11. Rb1 h4 12. a3 a5 13. Bd2 b6 14. Nfg5 Bb7 15. Bh5 g6 16.
Bxg6 fxg6 17. Nxe6 Qe7 18. Nf6+ Kf7 19. Ng5+ Kg7 20. Nd5 Qe8 21. Nc7 Qe7 22.
Nxa8 Bxa8 23. Qg4 Rh5 24. Rbe1 Nd8 25. Ne4 Ne6 26. Nf6 Rh6 27. Nd5 Qb7 28. Re2
h3 29. gxh3 Rh4 30. Qg2 Kf7 31. Re4 Bh6 32. Kf2 Nxf4 33. Bxf4 Bxf4 34. Nxf4
Rxf4+ 35. Ke1 Rxe4+ 36. dxe4 Qxe4+ 37. Qxe4 Bxe4 38. h4 Ke6 39. Rg1 Nxh4 40. Rg4
Nf3+ 41. Kf2 Kxe5 42. h4 Nd2 43. Rg5+ Bf5 44. h5 Ne4+ 0-1

[Event "Women's Speed Chess Q2"]
[Site "chess.com INT"]
[Date "2020.06.19"]
[Round "6"]
[White "Dauletova, Gulmira"]
[Black "Voit, Daria"]
[Result "1/2-1/2"]
[WhiteTitle "WIM"]
[BlackTitle "WGM"]
[WhiteElo "2319"]
[BlackElo "2343"]
[WhiteFideId "13702971"]
[BlackFideId "4182146"]
[EventDate "2020.06.19"]

1. e4 e6 2. d4 d5 3. Nd2 Nf6 4. e5 Nfd7 5. Bd3 c5 6. c3 Nc6 7. Ne2 cxd4 8. cxd4
f6 9. exf6 Nxf6 10. Nf3 Bd6 11. O-O O-O 12. Bf4 Bxf4 13. Nxf4 Ne4 14. Ne2 Rxf3
15. gxf3 Ng5 16. Kh1 e5 17. Qb3 Kh8 18. Bc2 exd4 19. Rad1 Qf6 20. f4 Nh3 21.
Qxd5 Bg4 22. f3 Be6 23. Qe4 Bg8 24. Nxd4 Nxf4 25. Nxc6 bxc6 26. Rd4 Rf8 27. Rc4
Qxb2 28. Rxc6 Ng6 29. Rxg6 hxg6 30. Qxg6 Rf6 31. Qh5+ Rh6 32. Qf5 Rf6 33. Qh3+
Rh6 34. Qf5 Rf6 35. Qh5+ Rh6 36. Qf5 1/2-1/2

[Event "Women's Speed Chess Q2"]
[Site "chess.com INT"]
[Date "2020.06.19"]
[Round "6"]
[White "Mikheeva, Galina"]
[Black "Zavivaeva, Emilia"]
[Result "0-1"]
[WhiteTitle "WFM"]
[BlackTitle "WCM"]
[WhiteElo "1901"]
[BlackElo "1735"]
[WhiteFideId "44108320"]
[BlackFideId "34127531"]
[EventDate "2020.06.19"]

1. e4 c5 2. Nc3 Nc6 3. g3 e6 4. Bg2 a6 5. d3 Nge7 6. Be3 d6 7. Qd2 b5 8. f4 Bb7
9. Nf3 g6 10. O-O Bg7 11. d4 cxd4 12. Nxd4 Nxd4 13. Bxd4 e5 14. Be3 O-O 15. Rad1
exf4 16. Bxf4 b4 17. Na4 Bc6 18. b3 Bxa4 19. bxa4 Qb6+ 20. Be3 Qa5 21. Qxd6 Rfe8
22. Qf4 Rf8 23. Rd7 Rae8 24. Qd6 Be5 25. Qd3 Rd8 26. Rxd8 Rxd8 27. Qb3 Rf8 28.
Bd2 Qb6+ 29. Kh1 a5 30. Bf4 Bxf4 0-1

[Event "Women's Speed Chess Q2"]
[Site "chess.com INT"]
[Date "2020.06.19"]
[Round "6"]
[White "Kanyamarala, Trisha"]
[Black "Linares Napoles, Oleiny"]
[Result "0-1"]
[WhiteTitle "WIM"]
[BlackTitle "WGM"]
[WhiteElo "2193"]
[BlackElo "2215"]
[WhiteFideId "45004722"]
[BlackFideId "3504794"]
[EventDate "2020.06.19"]

1. d4 Nf6 2. c4 g6 3. Nc3 Bg7 4. e4 d6 5. Nf3 O-O 6. Be2 Na6 7. h3 e5 8. Be3
exd4 9. Nxd4 Re8 10. Qc2 Nc5 11. Bf3 a5 12. O-O a4 13. Rad1 c6 14. Nxc6 Qb6 15.
Nd4 Qb4 16. Ncb5 Nfxe4 17. Nc7 Bf5 18. Nxf5 gxf5 19. Nxa8 Rxa8 20. Bd4 Bh6 21.
Bxe4 Nxe4 22. f3 Ng3 23. Rfe1 Rc8 24. b3 axb3 25. axb3 b5 26. Qf2 f4 27. Qa2
bxc4 28. bxc4 Bg7 29. Bxg7 Kxg7 30. Qa1+ Kg6 31. Qd4 Nh5 32. Qe4+ Kg7 33. Qf5
Rc5 34. Qg4+ Kh6 35. Rc1 Rg5 36. Qd7 Qd2 37. g4 fxg3 0-1

[Event "Women's Speed Chess Q2"]
[Site "chess.com INT"]
[Date "2020.06.19"]
[Round "6"]
[White "De Seroux, Camille"]
[Black "Shuqja, Klean"]
[Result "0-1"]
[WhiteTitle "WIM"]
[BlackTitle "WCM"]
[WhiteElo "2137"]
[BlackElo "1838"]
[WhiteFideId "1305620"]
[BlackFideId "4701585"]
[EventDate "2020.06.19"]

1. e4 e6 2. d4 d5 3. Nd2 dxe4 4. Nxe4 Nd7 5. Bd3 Ngf6 6. Nxf6+ Nxf6 7. Nf3 c5 8.
c3 cxd4 9. Nxd4 Be7 10. O-O O-O 11. Re1 b6 12. Qf3 Qd5 13. Qg3 Bb7 14. Bg5 Nh5
15. Bxh7+ Kxh7 16. Qh3 Bxg5 17. Qxh5+ Bh6 18. Qh3 Kg8 19. Rad1 Qg5 20. Rd3 Rfd8
21. Rg3 Qf6 22. Qh5 Rd5 23. Qh3 Rad8 24. Rf3 Qg6 25. Rg3 Rg5 26. Rxg5 Bxg5 27.
f3 Bf6 28. Ne2 Rd2 29. Nf4 Qf5 30. Nh5 Qxh3 31. gxh3 Bxf3 32. Nxf6+ gxf6 33. Rf1
Rg2+ 34. Kh1 Rg3+ 35. Rxf3 Rxf3 36. Kg2 Rd3 37. Kf2 Rd2+ 38. Ke3 Rxb2 39. Kd3
Rxa2 0-1

[Event "Women's Speed Chess Q2"]
[Site "chess.com INT"]
[Date "2020.06.19"]
[Round "6"]
[White "Osmanodja, Filiz"]
[Black "Mammadova, Gulnar"]
[Result "1-0"]
[WhiteTitle "WGM"]
[BlackTitle "IM"]
[WhiteElo "2293"]
[BlackElo "2382"]
[WhiteFideId "24633569"]
[BlackFideId "13403508"]
[EventDate "2020.06.19"]

1. e4 e6 2. d4 d5 3. Nc3 Bb4 4. exd5 exd5 5. Bd3 Nc6 6. a3 Bxc3+ 7. bxc3 Nge7 8.
Qf3 Be6 9. Nh3 Qd7 10. Ng5 O-O-O 11. O-O f6 12. Nxe6 Qxe6 13. Re1 Qd7 14. Rb1 h5
15. a4 Kb8 16. Ba6 b6 17. Bf4 g5 18. Bd2 Qf5 19. Qd1 g4 20. Bd3 Qc8 21. Bf4 Rde8
22. Bb5 Qf5 23. Qd2 Kb7 24. a5 Ng6 25. a6+ Kb8 26. Rxe8+ Rxe8 27. Bxc6 Nxf4 28.
Bxe8 Qe4 29. f3 gxf3 30. Re1 Ne2+ 31. Kf2 Qh4+ 32. Kxf3 Qg4+ 33. Kf2 Nf4 34. Kf1
Qh4 35. Bc6 1-0

[Event "Women's Speed Chess Q2"]
[Site "chess.com INT"]
[Date "2020.06.19"]
[Round "6"]
[White "Robledo, Cristian"]
[Black "Skuhala, Barbara"]
[Result "0-1"]
[WhiteTitle "FM"]
[BlackTitle "WFM"]
[WhiteElo "2274"]
[BlackElo "2095"]
[WhiteFideId "133450"]
[BlackFideId "14605465"]
[EventDate "2020.06.19"]

1. d4 d5 2. Bg5 f6 3. Bh4 e6 4. e3 Ne7 5. c4 Ng6 6. Bg3 c6 7. Nc3 Nd7 8. Nf3 Be7
9. Bd3 O-O 10. h4 f5 11. h5 Nh8 12. Qc2 Nf7 13. cxd5 cxd5 14. Bb5 a6 15. Bd3 b5
16. a3 Bb7 17. Bf4 Rc8 18. g4 Nd6 19. gxf5 Nxf5 20. Ke2 Nb6 21. Rag1 Nc4 22. Ne5
Bf6 23. Bxf5 exf5 24. Qxf5 Bxe5 25. Qe6+ Kh8 26. Bxe5 Nxe5 27. Qxe5 Qf6 28. f4
a5 29. Qxf6 Rxf6 30. Nxb5 Rc2+ 31. Kd3 Rxb2 32. Rb1 Ra2 33. Rhc1 h6 34. Rc7 Ba6
35. Ra7 Rxa3+ 36. Kd2 Ra2+ 37. Kc3 Rc6+ 38. Kb3 Re2 39. Nc7 Rb6+ 40. Ka3 Rxb1
41. Ne6 Rxe3+ 42. Ka4 Bb5+ 43. Kxa5 Ra3+ 44. Kb6 Bc4+ 0-1

[Event "Women's Speed Chess Q2"]
[Site "chess.com INT"]
[Date "2020.06.19"]
[Round "6"]
[White "Protopopova, Anastasiya"]
[Black "Zakirova, Aisha"]
[Result "1-0"]
[WhiteTitle "WFM"]
[BlackTitle "WCM"]
[WhiteElo "2192"]
[BlackElo "1585"]
[WhiteFideId "24172073"]
[BlackFideId "13719734"]
[EventDate "2020.06.19"]

1. d4 Nf6 2. c4 e6 3. g3 c6 4. Bg2 b6 5. Nf3 Ba6 6. Nbd2 Bb7 7. O-O d5 8. Ne5
Bd6 9. e4 O-O 10. Nd3 dxe4 11. Nxe4 Nxe4 12. Bxe4 Nd7 13. Qc2 Nf6 14. Bg2 Bc7
15. Qc3 h6 16. Ne5 Bxe5 17. dxe5 Nd7 18. Rd1 Qc7 19. Rd6 Rad8 20. Bf4 c5 21.
Bxb7 Qxb7 22. Rad1 Qc7 23. Qd3 g5 24. Rxd7 Rxd7 25. Qxd7 Qxd7 26. Rxd7 gxf4 27.
gxf4 Ra8 28. Kg2 Kf8 29. f5 exf5 30. Kf3 Ke8 31. Rd6 Ke7 32. Rxh6 Rd8 33. Rd6
Rxd6 34. exd6+ Kxd6 35. Kf4 Ke6 36. h4 Kf6 37. h5 a6 38. a4 a5 39. f3 Kg7 40.
Kxf5 Kh6 41. Kg4 f6 42. f4 Kg7 43. Kf5 Kh6 44. Kxf6 Kxh5 45. f5 Kg4 46. Kg6 Kf4
47. f6 Ke4 48. f7 Kd4 49. f8=Q Kxc4 50. Qb8 Kb4 51. Qxb6+ Kxa4 52. Qxc5 Kb3 53.
Qxa5 Kxb2 54. Qa4 Kc3 55. Qb5 Kd4 56. Qc6 Ke5 57. Qd7 Ke4 58. Qd6 Kf3 59. Qe5
Kg4 60. Qf6 Kg3 61. Qf5 Kh4 62. Qg5+ Kh3 63. Kf5 Kh2 64. Kf4 Kh1 65. Kf3 Kh2 66.
Qg2# 1-0

[Event "Women's Speed Chess Q2"]
[Site "chess.com INT"]
[Date "2020.06.19"]
[Round "6"]
[White "Gevorgyan, Maria"]
[Black "Gokbulut, Julia"]
[Result "1-0"]
[WhiteTitle "WGM"]
[BlackTitle "WFM"]
[WhiteElo "2228"]
[BlackElo "1970"]
[WhiteFideId "13300270"]
[BlackFideId "4153979"]
[EventDate "2020.06.19"]

1. e4 c6 2. d4 d5 3. e5 Bf5 4. h4 Qb6 5. g4 Bd7 6. f4 e6 7. Nf3 h5 8. gxh5 Nh6
9. Bh3 c5 10. c3 Nc6 11. Qb3 Qa6 12. Bf1 Qb6 13. Qxb6 axb6 14. Na3 cxd4 15. Nb5
O-O-O 16. cxd4 Nf5 17. Bd3 Ng3 18. Rg1 Nxh5 19. Bd2 g6 20. Rc1 Kb8 21. a3 Ng7
22. Rc3 Be7 23. Ng5 Bxg5 24. hxg5 Rh2 25. Rb3 Nf5 26. Bxf5 gxf5 27. Bc3 Rdh8 28.
Nd6 Kc7 29. Nxf7 Rf8 30. g6 Be8 31. Ng5 Bd7 32. Bb4 Rg8 33. Bd6+ Kc8 34. Nf3 Rh3
35. Kf2 Rh6 36. g7 Rh7 37. Bf8 Kc7 38. Ng5 1-0

[Event "Women's Speed Chess Q2"]
[Site "chess.com INT"]
[Date "2020.06.19"]
[Round "6"]
[White "Mukhina, Jana"]
[Black "Solozhenkina, Elizaveta"]
[Result "0-1"]
[WhiteTitle "WFM"]
[BlackTitle "WIM"]
[WhiteElo "2068"]
[BlackElo "2301"]
[WhiteFideId "34115428"]
[BlackFideId "34106615"]
[EventDate "2020.06.19"]

1. e4 c6 2. d4 d5 3. Nc3 dxe4 4. Nxe4 Bf5 5. Ng3 Bg6 6. Nf3 Nd7 7. h4 h6 8. h5
Bh7 9. Bd3 Bxd3 10. Qxd3 Ngf6 11. Bd2 e6 12. O-O-O Be7 13. Kb1 c5 14. dxc5 Nxc5
15. Qb5+ Qd7 16. Qxd7+ Ncxd7 17. Bc3 O-O 18. Ne5 Nxe5 19. Bxe5 Rfd8 20. Bxf6
Bxf6 21. Ne4 Be7 22. g4 f6 23. f4 Kf7 24. c3 f5 25. gxf5 exf5 26. Ng3 Kf6 27.
Rdg1 Rd3 28. Ne2 Rad8 29. Nd4 Rd5 30. Rg6+ Kf7 31. Kc2 Re3 32. Rd1 Bf6 33. b3
Re4 34. Nf3 Rxd1 35. Kxd1 Rxf4 36. Ke2 Bxc3 37. Rd6 Re4+ 38. Kd3 Bf6 39. Rd7+
Re7 40. Rd5 f4 41. Nd4 Re3+ 42. Kc4 Re4 43. Rd7+ Ke8 44. Rd5 f3 45. Kd3 Rxd4+ 0-1

[Event "Women's Speed Chess Q2"]
[Site "chess.com INT"]
[Date "2020.06.19"]
[Round "6"]
[White "Sargsyan, Anna M."]
[Black "Charochkina, Daria"]
[Result "0-1"]
[WhiteTitle "WGM"]
[BlackTitle "IM"]
[WhiteElo "2405"]
[BlackElo "2356"]
[WhiteFideId "13308130"]
[BlackFideId "4180917"]
[EventDate "2020.06.19"]

1. d4 d6 2. c4 Nf6 3. Nf3 g6 4. Nc3 Bf5 5. Nh4 Bd7 6. g3 Bg7 7. Bg2 Nc6 8. O-O
O-O 9. e4 e5 10. d5 Nd4 11. h3 Ne8 12. Kh2 Qe7 13. Be3 f5 14. exf5 Nxf5 15. Nxf5
gxf5 16. f4 Nf6 17. fxe5 dxe5 18. c5 Rae8 19. d6 cxd6 20. cxd6 Qf7 21. Qd2 Kh8
22. Rad1 Qh5 23. Qe2 Qg6 24. Nd5 Nxd5 25. Rxd5 f4 26. Bf2 Bc6 27. Be4 Qf7 28.
Rd3 Bb5 29. b3 fxg3+ 30. Kxg3 Qf4+ 31. Kg2 Bxd3 32. Qxd3 Bh6 33. Bxa7 Qg5+ 34.
Kh1 Rxf1+ 35. Qxf1 Rf8 36. Qg2 Qc1+ 37. Bg1 Be3 38. d7 Qxg1+ 39. Qxg1 Bxg1 40.
Kxg1 Rd8 41. Bxb7 Rxd7 0-1

[Event "Women's Speed Chess Q2"]
[Site "chess.com INT"]
[Date "2020.06.19"]
[Round "6"]
[White "Dwilewicz, Katarzyna"]
[Black "Kovanova, Baira"]
[Result "0-1"]
[WhiteTitle "WFM"]
[BlackTitle "WGM"]
[WhiteElo "2120"]
[BlackElo "2343"]
[WhiteFideId "1148486"]
[BlackFideId "4164083"]
[EventDate "2020.06.19"]

1. e4 e5 2. Nf3 Nc6 3. Bb5 a6 4. Ba4 Nge7 5. O-O g6 6. c3 Bg7 7. d4 exd4 8. cxd4
b5 9. Bb3 O-O 10. Nc3 d6 11. h3 Na5 12. Bc2 c5 13. d5 Nc4 14. Re1 Re8 15. Bd3
Nb6 16. Rb1 h6 17. Bf4 g5 18. Bd2 Ng6 19. a3 Bd7 20. Ne2 Nc4 21. Bc3 Nce5 22.
Nxe5 Nxe5 23. Bc2 Qf6 24. Ng3 Qg6 25. Nf5 Bxf5 26. exf5 Qf6 27. Qd2 a5 28. Bxe5
Rxe5 29. Rxe5 Qxe5 30. b3 b4 31. a4 Re8 32. Rd1 Qb2 33. Kh2 Qc3 34. Qxc3 bxc3
35. Kg3 Re2 36. Bd3 Rb2 37. Bc4 Bd4 38. f3 c2 39. Rc1 Be3 0-1

[Event "Women's Speed Chess Q2"]
[Site "chess.com INT"]
[Date "2020.06.19"]
[Round "6"]
[White "Kucharska, Honorata"]
[Black "Tsukerman, Julia"]
[Result "0-1"]
[WhiteTitle "WFM"]
[BlackTitle "WCM"]
[WhiteElo "2113"]
[BlackElo "1523"]
[WhiteFideId "1163868"]
[BlackFideId "2621649"]
[EventDate "2020.06.19"]

1. d4 Nf6 2. Nf3 e6 3. e3 d5 4. Bd3 c5 5. b3 b6 6. O-O Be7 7. Bb2 O-O 8. Nbd2
Ba6 9. c4 Nc6 10. a3 cxd4 11. exd4 dxc4 12. bxc4 Rc8 13. Qe2 Qc7 14. Ne4 Nxe4
15. Qxe4 g6 16. d5 exd5 17. cxd5 Bxd3 18. Qxd3 Nb8 19. Qd4 f6 20. Qe4 Qd6 21.
Rfe1 Rce8 22. Nd4 Nd7 23. Qe6+ Qxe6 24. Nxe6 Rf7 25. Nd4 Rff8 26. Nc6 Bd6 27. g3
a6 28. f4 Nc5 29. Re6 Rxe6 30. dxe6 Nxe6 31. Re1 Nc5 32. Ne7+ Kg7 33. Bc3 Nd3
34. Re2 Kf7 0-1

[Event "Women's Speed Chess Q2"]
[Site "chess.com INT"]
[Date "2020.06.19"]
[Round "6"]
[White "Kovacs, Klara"]
[Black "Bartel, Marta"]
[Result "1-0"]
[WhiteTitle "WIM"]
[BlackTitle "WGM"]
[WhiteElo "2154"]
[BlackElo "2192"]
[WhiteFideId "733210"]
[BlackFideId "1123009"]
[EventDate "2020.06.19"]

1. Nf3 Nf6 2. g3 g6 3. Bg2 Bg7 4. O-O O-O 5. c4 c6 6. Nc3 d5 7. cxd5 cxd5 8. d4
Nc6 9. Bf4 Qb6 10. Na4 Qd8 11. Rc1 Ne4 12. Nc3 Bf5 13. Ne5 Rc8 14. Nxe4 Nxe5 15.
Nc3 Nc6 16. Nxd5 Be6 17. e4 Bxd5 18. exd5 Nxd4 19. Rxc8 Qxc8 20. Be3 Nf5 21.
Bxa7 Qa8 22. Bc5 Qxa2 23. b4 Nd6 24. Re1 Bf6 25. Qf3 Kg7 26. Qf4 Rd8 27. h4 h5
28. Bd4 Bxd4 29. Qxd4+ Kg8 30. Qc5 Qc4 31. Qb6 Qb5 32. Qxd8+ Kg7 33. Qxe7 b6 34.
Qxd6 Qc4 35. Re8 Kh7 36. Rf8 Qc1+ 37. Bf1 Kg7 38. Qe7 Qxf1+ 39. Kxf1 Kh6 40.
Qxf7 b5 41. Qg8 g5 42. Rf6# 1-0

[Event "Women's Speed Chess Q2"]
[Site "chess.com INT"]
[Date "2020.06.19"]
[Round "6"]
[White "Bommini, Mounika Akshaya"]
[Black "Pham, Bich Ngoc"]
[Result "0-1"]
[WhiteTitle "WFM"]
[BlackTitle "WIM"]
[WhiteElo "2029"]
[BlackElo "2235"]
[WhiteFideId "25019872"]
[BlackFideId "12401285"]
[EventDate "2020.06.19"]

1. d4 g6 2. c4 Bg7 3. Nc3 d6 4. e4 Nc6 5. d5 Nd4 6. Be3 c5 7. f4 f5 8. Nf3 Nxf3+
9. Qxf3 fxe4 10. Nxe4 Bxb2 11. Rb1 Qa5+ 12. Bd2 Qxa2 13. Qd3 Nf6 14. Qc2 Nxe4
15. Rxb2 Qa1+ 16. Rb1 Qd4 17. Bc1 O-O 18. Bd3 Qc3+ 19. Qxc3 Nxc3 20. Rb3 Na2 21.
Bd2 a5 22. O-O Nb4 23. Bb1 a4 24. Ra3 Bd7 25. Be4 b5 26. cxb5 Bxb5 27. Rb1 Bd7
28. Bxb4 cxb4 29. Rxb4 Rxf4 30. g3 Rf7 31. Bc2 Raf8 32. Bxa4 Bh3 33. Rf4 g5 34.
Rxf7 Rxf7 35. Ra1 Kg7 36. Bc2 g4 37. Be4 h5 38. Re1 h4 39. Bd3 hxg3 40. hxg3 Rf3
41. Rxe7+ Kf8 42. Rh7 Rxd3 0-1

[Event "Women's Speed Chess Q2"]
[Site "chess.com INT"]
[Date "2020.06.19"]
[Round "6"]
[White "Rovira Contreras, Tairu Manuela"]
[Black "Jannatul, Ferdous"]
[Result "1-0"]
[WhiteTitle "WIM"]
[BlackTitle "WCM"]
[WhiteElo "2058"]
[BlackElo "1844"]
[WhiteFideId "3900533"]
[BlackFideId "10212590"]
[EventDate "2020.06.19"]

1. d4 d5 2. c4 c6 3. e3 Nf6 4. Nf3 e6 5. Nc3 Nbd7 6. Bd3 dxc4 7. Bxc4 b5 8. Bd3
a6 9. O-O c5 10. Ne4 Bb7 11. Nxc5 Nxc5 12. dxc5 Bxc5 13. Be2 O-O 14. b3 Qe7 15.
Bb2 Rfd8 16. Qe1 Bb4 17. Bxf6 gxf6 18. Qb1 Rac8 19. a4 Bc3 20. Ra2 b4 21. Rd1
Rxd1+ 22. Qxd1 Rd8 23. Qb1 Qd6 24. h3 a5 25. Ne1 Be5 26. Nd3 Qc6 27. Bf3 Qa6 28.
Nc5 Qb6 29. Nxb7 Rd7 30. Qc1 Rc7 31. Rc2 Rxb7 32. Rc8+ Kg7 33. Qc2 Bc3 34. Bxb7
Qxb7 35. Rc4 Qd7 36. Rg4+ Kh8 37. Qe2 Qd2 38. Qxd2 Bxd2 39. Rc4 Bc1 40. Rxc1 Kg7
41. Rc5 1-0

[Event "Women's Speed Chess Q2"]
[Site "chess.com INT"]
[Date "2020.06.19"]
[Round "6"]
[White "Foisor, Sabina-Francesca"]
[Black "Socko, Monika"]
[Result "1-0"]
[WhiteTitle "WGM"]
[BlackTitle "GM"]
[WhiteElo "2228"]
[BlackElo "2428"]
[WhiteFideId "1212915"]
[BlackFideId "1106619"]
[EventDate "2020.06.19"]

1. d4 Nf6 2. c4 e6 3. Nf3 Bb4+ 4. Bd2 c5 5. e3 O-O 6. dxc5 Bxc5 7. Nc3 Nc6 8.
Be2 d5 9. O-O dxc4 10. Bxc4 e5 11. h3 e4 12. Nh2 Ne5 13. Bb3 Qe7 14. Qe2 Be6 15.
Rfd1 Bxb3 16. axb3 Rad8 17. Be1 Rd3 18. Nxe4 Rxd1 19. Nxf6+ Qxf6 20. Rxd1 Nc6
21. Bc3 Qe6 22. Qc4 Qe7 23. Nf3 Bb6 24. Qg4 f5 25. Qc4+ Kh8 26. b4 Bc7 27. b5
Ne5 28. Nxe5 Bxe5 29. Bb4 Qe8 30. Bxf8 Qxf8 31. Qd5 Bf6 32. Qxb7 h6 33. Qxa7 Qb4
34. b6 Qb3 35. Rf1 Qxb2 36. b7 Be5 37. Qa8+ Kh7 38. Qc8 g6 39. Rd1 h5 40. g3 h4
41. Rd7+ Kh6 42. Qf8+ Kg5 43. Qe7+ Kh6 44. Qxh4# 1-0

[Event "Women's Speed Chess Q2"]
[Site "chess.com INT"]
[Date "2020.06.19"]
[Round "6"]
[White "Bouah, Denise"]
[Black "Berdychevskaya, Natasha"]
[Result "1-0"]
[WhiteTitle "WIM"]
[BlackTitle "WFM"]
[WhiteElo "1770"]
[BlackElo "2208"]
[WhiteFideId "14300818"]
[BlackFideId "4159322"]
[EventDate "2020.06.19"]

1. e4 e5 2. Nf3 Nf6 3. d3 Nc6 4. Nbd2 d5 5. exd5 Nxd5 6. Nc4 Qf6 7. Bg5 Qf5 8.
Qd2 h6 9. Bh4 Bc5 10. O-O-O O-O 11. h3 Be6 12. Be2 Nf4 13. g4 Nxe2+ 14. Qxe2
Qf4+ 15. Kb1 Bd5 16. Ncd2 Rfe8 17. Bg3 Qa4 18. b3 Qa6 19. Ne4 Nb4 20. c3 Bxe4
21. cxb4 Bxf3 22. Qxf3 Bxb4 23. Qe4 Rad8 24. f3 Bd6 25. Rh2 Qa5 26. Rc2 c6 27.
Re2 Bc7 28. Be1 Bb6 29. Bxa5 Rd4 30. Qf5 Bxa5 31. Rxe5 Red8 32. Re7 Rf8 33. Rc1
Rd5 34. Qe4 Bb4 35. Rc4 1-0

[Event "Women's Speed Chess Q2"]
[Site "chess.com INT"]
[Date "2020.06.19"]
[Round "6"]
[White "Juhasz, Barbara"]
[Black "Alboredo, Julia"]
[Result "1-0"]
[WhiteTitle "WIM"]
[BlackTitle "WFM"]
[WhiteElo "2223"]
[BlackElo "2182"]
[WhiteFideId "743585"]
[BlackFideId "2124807"]
[EventDate "2020.06.19"]

1. e4 c5 2. Nf3 d6 3. d4 cxd4 4. Nxd4 Nf6 5. Nc3 g6 6. Be3 Bg7 7. f3 O-O 8. Bc4
Nc6 9. Bb3 Bd7 10. h4 h5 11. Qd2 Rc8 12. Nxc6 bxc6 13. g4 hxg4 14. h5 Nxh5 15.
O-O-O c5 16. Bc4 Rb8 17. fxg4 Bxg4 18. Rdg1 Qd7 19. Rh4 Be6 20. Bxe6 Qxe6 21.
Rxh5 Qc4 22. Bh6 Bd4 23. Bxf8 Kxf8 24. Rhh1 Qb4 25. Nd1 Bxb2+ 26. Nxb2 Qxb2+ 27.
Kd1 Qb1+ 28. Ke2 Qb7 29. Rh8+ Kg7 30. Qh6+ Kf6 31. Rf1+ Ke5 32. Qf4+ Kd4 33. e5+
Kd5 34. Qf3+ Kxe5 35. Rxb8 Qxb8 36. Qc3+ Kd5 37. Rd1+ Ke6 38. Qc4+ Kd7 39. Qxf7
Qb5+ 40. Rd3 Qb4 41. Qf3 Qa3 42. Rxa3 1-0